000
00285nam a22001337a 4500
008
170721b xxu||||| |||| 00| 0 eng d
020
_a
9780072133646
041
_a
eng
080
_a
004
100
_a
29
101
_a
SHKI
245
_a
FRONTPAGE 2002
_c
PLOTKIN, D
942
_2
udc
_c
BK
999
_c
21770
_d
21770